<?xml version="1.0" encoding="UTF-8"?>
<record
    xmlns:xsi="http://www.w3.org/2001/XMLSchema-instance"
    xsi:schemaLocation="http://www.loc.gov/MARC21/slim http://www.loc.gov/standards/marcxml/schema/MARC21slim.xsd"
    xmlns="http://www.loc.gov/MARC21/slim">

  <leader>03915nam a2200481Ii 4500</leader>
  <controlfield tag="001">DIGUDS05181</controlfield>
  <controlfield tag="003">NyNyDIG</controlfield>
  <controlfield tag="006">m     o  d        </controlfield>
  <controlfield tag="007">cr |||||||||||</controlfield>
  <controlfield tag="008">131001s2012    sp a    ob    100 0 spa d</controlfield>
  <datafield tag="020" ind1=" " ind2=" ">
    <subfield code="a">9788490121160</subfield>
    <subfield code="q">(eBook)</subfield>
  </datafield>
  <datafield tag="020" ind1=" " ind2=" ">
    <subfield code="z">9788490120941</subfield>
  </datafield>
  <datafield tag="020" ind1=" " ind2=" ">
    <subfield code="z">8490120943 </subfield>
  </datafield>
  <datafield tag="035" ind1=" " ind2=" ">
    <subfield code="a">(OCoLC)888282930</subfield>
  </datafield>
  <datafield tag="040" ind1=" " ind2=" ">
    <subfield code="a">DGITA</subfield>
    <subfield code="b">eng</subfield>
    <subfield code="e">pn</subfield>
    <subfield code="c">DGITA</subfield>
  </datafield>
  <datafield tag="050" ind1="1" ind2="4">
    <subfield code="a">LA917 eBook</subfield>
  </datafield>
  <datafield tag="111" ind1="2" ind2=" ">
    <subfield code="a">Coloquios Alfonso IX</subfield>
    <subfield code="n">(18th :</subfield>
    <subfield code="d">2011 :</subfield>
    <subfield code="c">Salamanca, Spain)</subfield>
  </datafield>
  <datafield tag="245" ind1="1" ind2="0">
    <subfield code="a">Historiograf&#xED;a y l&#xED;neas de investigaci&#xF3;n en historia de las universidades :</subfield>
    <subfield code="b">Europa mediterr&#xE1;nea e Iberoam&#xE9;rica : miscel&#xE1;nea Alfonso IX, 2011 /</subfield>
    <subfield code="c">Luis E. Rodr&#xED;guez-San Pedro Bezares y Juan Luis Polo Rodr&#xED;guez (eds.).</subfield>
  </datafield>
  <datafield tag="250" ind1=" " ind2=" ">
    <subfield code="a">1a. ed.</subfield>
  </datafield>
  <datafield tag="264" ind1=" " ind2="1">
    <subfield code="a">Salamanca :</subfield>
    <subfield code="b">Ediciones Universidad de Salamanca,</subfield>
    <subfield code="c">2012.</subfield>
  </datafield>
  <datafield tag="300" ind1=" " ind2=" ">
    <subfield code="a">1 online resource (398 pages) :</subfield>
    <subfield code="b">ill. </subfield>
  </datafield>
  <datafield tag="336" ind1=" " ind2=" ">
    <subfield code="a">text</subfield>
    <subfield code="b">txt</subfield>
    <subfield code="2">rdacontent</subfield>
  </datafield>
  <datafield tag="337" ind1=" " ind2=" ">
    <subfield code="a">computer</subfield>
    <subfield code="b">c</subfield>
    <subfield code="2">rdamedia</subfield>
  </datafield>
  <datafield tag="338" ind1=" " ind2=" ">
    <subfield code="a">online resource</subfield>
    <subfield code="b">cr</subfield>
    <subfield code="2">rdacarrier</subfield>
  </datafield>
  <datafield tag="490" ind1="1" ind2=" ">
    <subfield code="a">Colecci&#xF3;n Aquilafuente ;</subfield>
    <subfield code="v">181.</subfield>
    <subfield code="a">Miscel&#xE1;nea Alfonso IX.</subfield>
  </datafield>
  <datafield tag="500" ind1=" " ind2=" ">
    <subfield code="a">Incluye las actas de los XVIII Coloquios Alfonso IX celebrados en la Universidad de Salamanca en 2011.</subfield>
  </datafield>
  <datafield tag="504" ind1=" " ind2=" ">
    <subfield code="a">Includes bibliographical references.</subfield>
  </datafield>
  <datafield tag="505" ind1="0" ind2=" ">
    <subfield code="a">Pre&#xE1;mbulo / Luis E. Rodr&#xED;guez-San Pedro Bezares y Juan Luis Polo Rodr&#xED;guez -- Las Universidades Hisp&#xE1;nicas. L&#xED;neas de investigaci&#xF3;n e historiograf&#xED;a: siglos xv-xviii / Luis E. Rodr&#xED;guez-San Pedro Bezares -- As universidades portuguesas: historiograf&#xED;a e linhas de investiga&#xE7;&#xE3;o / Fernando Taveira da Fonseca -- Las universidades y la ense&#xF1;anza superior en Francia. Historiograf&#xED;a y l&#xED;neas de investigaci&#xF3;n. Nuevas aportaciones / Jean-Louis Guere&#xF1;a -- Historiograf&#xED;a sobre universidades en Italia. &#xC9;pocas Moderna y Contempor&#xE1;nea / Javier Garc&#xED;a Mart&#xED;n -- Historiograf&#xED;a sobre las universidades iberoamericanas de los siglos xvi al xviii / Clara In&#xE9;s Ram&#xED;rez Gonz&#xE1;lez y Armando Pav&#xF3;n Romero -- Los estudiantes universitarios en la Edad Moderna: l&#xED;neas de investigaci&#xF3;n / Margarita Torremocha Hern&#xE1;ndez -- Los estudiantes universitarios espa&#xF1;oles en la Edad Contempor&#xE1;nea:  -- l&#xED;neas de investigaci&#xF3;n / Marc Bald&#xF3; Lacomba -- Institutos, centros y grupos de investigaci&#xF3;n en Historia de las Universidades Hisp&#xE1;nicas / Juan Luis Polo Rodr&#xED;guez -- Aulas de la Monarqu&#xED;a Cat&#xF3;lica. Internacionalizaci&#xF3;n y nobleza en la matr&#xED;cula universitaria salmantina (siglos xvi-xvii) / &#xC1;ngel Weruaga Prieto -- El transporte universitario concertado salmantino en el siglo xvi / Francisco Javier Lorenzo Pinar y Jos&#xE9; Ignacio Izquierdo Misiego -- Centro de historia universitaria Alfonso IX: Memoria anual: a&#xF1;o 2011 -- Donaciones con destino a la Biblioteca del Centro -- Publicaciones vinculadas -- Contenidos del cd-rom: Anexos Bibliograf&#xED;a sobre historia de las Universidades Hisp&#xE1;nicas en la Edad Moderna (siglos xv-xix) / Luis E. Rodr&#xED;guez-San Pedro Bezares y Juan Luis Polo Rodr&#xED;guez -- Bibliograf&#xED;a sobre las universidades iberoamericanas de los siglos xvi al xviii / Clara In&#xE9;s Ram&#xED;rez Gonz&#xE1;lez y Armando Pav&#xF3;n Romero.</subfield>
  </datafield>
  <datafield tag="650" ind1=" " ind2="0">
    <subfield code="a">Universities and colleges</subfield>
    <subfield code="z">Spain</subfield>
    <subfield code="x">History</subfield>
    <subfield code="v">Congresses.</subfield>
  </datafield>
  <datafield tag="650" ind1=" " ind2="0">
    <subfield code="a">Universities and colleges</subfield>
    <subfield code="z">Europe</subfield>
    <subfield code="x">History</subfield>
    <subfield code="v">Congresses.</subfield>
  </datafield>
  <datafield tag="650" ind1=" " ind2="0">
    <subfield code="a">Universities and colleges</subfield>
    <subfield code="z">Latin America</subfield>
    <subfield code="x">History</subfield>
    <subfield code="v">Congresses</subfield>
  </datafield>
  <datafield tag="655" ind1=" " ind2="0">
    <subfield code="a">Electronic books.</subfield>
  </datafield>
  <datafield tag="700" ind1="1" ind2=" ">
    <subfield code="a">Rodr&#xED;guez-San Pedro Bezares, Luis Enrique.</subfield>
  </datafield>
  <datafield tag="700" ind1="1" ind2=" ">
    <subfield code="a">Polo Rodr&#xED;guez, Juan Luis.</subfield>
  </datafield>
  <datafield tag="710" ind1="2" ind2=" ">
    <subfield code="a">Universidad de Salamanca.</subfield>
    <subfield code="b">Centro de Historia Universitaria.</subfield>
  </datafield>
  <datafield tag="791" ind1="2" ind2=" ">
    <subfield code="a">Digitalia (Firm),</subfield>
    <subfield code="e">distributor.</subfield>
  </datafield>
  <datafield tag="830" ind1=" " ind2="0">
    <subfield code="a">Aquilafuente ;</subfield>
    <subfield code="v">175</subfield>
  </datafield>
  <datafield tag="830" ind1=" " ind2="0">
    <subfield code="a">Miscel&#xE1;nea Alfonso IX,</subfield>
    <subfield code="x">1886-9475</subfield>
  </datafield>
  <datafield tag="793" ind1="0" ind2=" ">
    <subfield code="g">Digitalia eBook Collection:</subfield>
    <subfield code="a">Ediciones Universidad de Salamanca.</subfield>
  </datafield>
  <datafield tag="856" ind1="4" ind2="0">
    <subfield code="3">Digitalia Hisp&#xE1;nica</subfield>
    <subfield code="u">https://www.digitaliapublishing.com/a/17475/</subfield>
  </datafield>
  <datafield tag="910" ind1=" " ind2=" ">
    <subfield code="a">Premium Collection: 2007-2012</subfield>
  </datafield>
  <datafield tag="942" ind1=" " ind2=" ">
    <subfield code="c">RAA</subfield>
  </datafield>
  <datafield tag="952" ind1=" " ind2=" ">
    <subfield code="0">0</subfield>
    <subfield code="1">0</subfield>
    <subfield code="4">0</subfield>
    <subfield code="7">0</subfield>
    <subfield code="8">DEH</subfield>
    <subfield code="a">BD-UIN</subfield>
    <subfield code="b">BD-UIN</subfield>
    <subfield code="d">2025-04-25</subfield>
    <subfield code="l">0</subfield>
    <subfield code="r">2025-04-25</subfield>
    <subfield code="w">2025-04-25</subfield>
    <subfield code="y">RAA</subfield>
  </datafield>
  <datafield tag="999" ind1=" " ind2=" ">
    <subfield code="c">235386</subfield>
    <subfield code="d">235386</subfield>
  </datafield>
</record>
